书目信息 |
| 题名: |
篷窗小语
|
|
| 作者: | 朱海燕 著 | |
| 分册: | ||
| 出版信息: | 北京 长征出版社 2010.08 |
|
| 页数: | 663页 | |
| 开本: | 21cm | |
| 丛书名: | ||
| 单 册: | ||
| 中图分类: | I253 | |
| 科图分类: | ||
| 主题词: | 评论性新闻--中国--现代--选集 , 评论性新闻 | |
| 电子资源: | ||
| ISBN: | 7-80204-074-4 | |
| 000 | 00872nam0 2200265 450 | |
| 001 | 1141352550 | |
| 005 | 20111221113018.12 | |
| 010 | @a7-80204-074-4@dCNY52.00 | |
| 090 | @aI253@bzhy | |
| 096 | @aI253@bzhy | |
| 100 | @a20051013d2010 em y0chiy50 ea | |
| 101 | 0 | @achi |
| 102 | @aCN@b110000 | |
| 105 | @ay z 000zy | |
| 200 | 1 | @a篷窗小语@b专著@e新闻评论集@f朱海燕著@9peng chuang xiao yu |
| 210 | @a北京@c长征出版社@d2010.08 | |
| 215 | @a663页@d21cm | |
| 330 | @a本书收录了《迎接铁路建设的春天》、《祖国万岁》、《论刘清华精神》、《新时代需要铁人精神》、《坚持到底就是胜利》等189篇文章。 | |
| 517 | 1 | @a新闻评论集@9xin wen ping lun ji |
| 606 | 0 | @a评论性新闻@y中国@z现代@j选集 |
| 606 | 0 | @a评论性新闻 |
| 690 | @aI253@v4 | |
| 701 | 0 | @a朱海燕@f(1956~)@4著@9zhu hai yan |
| 801 | 0 | @aCN@b大连网信软件有限公司图书馆·11@c20111221 |
| 905 | @aZUCC@dI253@eZ848 | |
| 篷窗小语:新闻评论集/朱海燕著.-北京:长征出版社,2010.08 |
| 663页;21cm |
| ISBN 7-80204-074-4:CNY52.00 |
| 本书收录了《迎接铁路建设的春天》、《祖国万岁》、《论刘清华精神》、《新时代需要铁人精神》、《坚持到底就是胜利》等189篇文章。 |
| ● |
| 相关链接 |
|
|
|
正题名:篷窗小语
索取号:I253/Z848
 
预约/预借
| 序号 | 登录号 | 条形码 | 馆藏地/架位号 | 状态 | 备注 |
| 1 | 843678 | 208436780 | 文学库108/108文学库 67排6列5层/ [索取号:I253/Z848] | 在馆 | |
| 2 | 843679 | 208436799 | 文学库108/108文学库 67排6列5层/ [索取号:I253/Z848] | 在馆 | |
| 3 | 843680 | 208436806 | 文学库108/108文学库 67排6列5层/ [索取号:I253/Z848] | 在馆 |